| 000 -LEADER | |
|---|---|
| fixed length control field | 00388nam a22001577a 4500 |
| 020 ## - INTERNATIONAL STANDARD BOOK NUMBER | |
| ISBN | 083841270 |
| 050 ## - LIBRARY OF CONGRESS CALL NUMBER | |
| Classification number | PE 1112 elb |
| 100 ## - MAIN ENTRY--AUTHOR NAME | |
| Personal name | ELBAUM, Sandra |
| 245 ## - TITLE STATEMENT | |
| Title | Grammar in context 2 |
| 250 ## - EDITION STATEMENT | |
| Edition statement | 3rd ed. |
| 260 ## - PUBLICATION, DISTRIBUTION, ETC. (IMPRINT) | |
| Place of publication | Boston |
| Name of publisher | Thomson Heinle |
| Year of publication | 2001 |
| 300 ## - PHYSICAL DESCRIPTION | |
| Number of Pages | 478p.:illus,index |
| Other physical details | xviii |
| 490 ## - SERIES STATEMENT | |
| Series statement | Spanning Language and culture |
| 942 ## - ADDED ENTRY ELEMENTS (KOHA) | |
| Koha item type | Books |
| 988 ## - PAGINATION/EXTENT | |
| PAGINATION/EXTENT | xviii,478p.:illus,index |
| Koha item type | Collection code | Shelving location | Accession Number | Permanent Location | Current Location | Date acquired | Full call number |
|---|---|---|---|---|---|---|---|
| Books | Reference | Reference | 0599 | Chapman Library | Chapman Library | 2016-05-13 | PE 1112 elb |

